=LDR 00000nam 2200000 4500 =001 INLIS000000000022140 =005 20130612120928 =008 ***********************************Ind** =035 ##$$0010-061300000022140 =041 ##$$a Ind =082 ##$$a 297.4 =090 ##$$a 297.4, Sya h =100 ##$$a Syauman, Abbas =245 ##$$a Hukum aborsi dalam islam, Abbas Syauman =260 ##$$a 2004 $b Jakarta =300 ##$$a 248 hlm, 18 cm =650 ##$$a Hukum Islam =850 ##$$a NBPNMAT